000 00493nam a2200157 i 4500
001 45419
003 ES-MaACL
005 20230906161220.0
007 t|
008 030326s1968 sp ||||1| spa d
100 1 _aColl, Baltasar.
_939610
245 1 0 _aFiesta del almendro en flor
_b: 1968, discurso del mantenedor : memoria del acto /
_c[Baltasar Coll].
260 _aPalma :
_b[s.n.,
_c1968] (
_fImp. Alcover)
300 _a20 p., 6 lám. ;
_c23 cm.
852 _aES-MaACL
_j2068-F-1
_bR.69305
999 _c45419
_d45419